Online
Catalog

El aparato militar norteamericano en Puerto Rico / (Record no. 3018)

MARC details
000 -CABECERA
campo de control de longitud fija 01429nam a2200337 u 4500
001 - NÚMERO DE CONTROL
campo de control 000003187
003 - IDENTIFICADOR DEL NÚMERO DE CONTROL
campo de control DO-SdBNP
005 - FECHA Y HORA DE LA ÚLTIMA TRANSACCIÓN
campo de control 20251022121108.0
007 - CAMPO FIJO DE DESCRIPCIÓN FÍSICA--INFORMACIÓN GENERAL
campo de control de longitud fija ta
008 - DATOS DE LONGITUD FIJA--INFORMACIÓN GENERAL
campo de control de longitud fija 090707s1980 dr a 000 0 spa d
040 ## - FUENTE DE LA CATALOGACIÓN
Centro catalogador/agencia de origen DO-SdBNP
Lengua de catalogación spa
Centro/agencia transcriptor BNPHU
082 ## - NÚMERO DE LA CLASIFICACIÓN DECIMAL DEWEY
Número de clasificación 327.7307295
Número de documento/Ítem M614a
100 1# - ENTRADA PRINCIPAL--NOMBRE DE PERSONA
Nombre de persona Meyn, Maryanne.
9 (RLIN) 10064
245 13 - MENCIÓN DE TÍTULO
Título El aparato militar norteamericano en Puerto Rico /
Mención de responsabilidad, etc. M. Meyn, J. Rodríguez . Puerto Rico, víctima de los planes intervencionistas de los E.U. en el Caribe / por Consejo de la Paz de Puerto Rico.
260 ## - PUBLICACIÓN, DISTRIBUCIÓN, ETC.
Lugar de publicación, distribución, etc. [Santo Domingo] :
Nombre del editor, distribuidor, etc. EDOC,
Fecha de publicación, distribución, etc. 1982.
300 ## - DESCRIPCIÓN FÍSICA
Extensión 68 p. :
Otras características físicas il. ;
Dimensiones 22 cm.
490 ## - MENCIÓN DE SERIE
Mención de serie Documentos ;
Designación de volumen o secuencia No.10
500 ## - NOTA GENERAL
Nota general Incluye referencias bibliográficas y notas al pie de las páginas.
590 ## - NOTA LOCAL (RLIN)
Nota local Inventariado, 2018/BT
651 #4 - PUNTO DE ACCESO ADICIONAL DE MATERIA--NOMBRE GEOGRÁFICO
Nombre geográfico Estados Unidos
Subdivisión general Relaciones Militares
Subdivisión geográfica Puerto Rico
9 (RLIN) 10065
651 #4 - PUNTO DE ACCESO ADICIONAL DE MATERIA--NOMBRE GEOGRÁFICO
Nombre geográfico Puerto Rico
Subdivisión general Relaciones Militares
Subdivisión geográfica Estados Unidos
9 (RLIN) 10066
651 #4 - PUNTO DE ACCESO ADICIONAL DE MATERIA--NOMBRE GEOGRÁFICO
Nombre geográfico Puerto Rico
Subdivisión general Historia Militar
9 (RLIN) 10067
651 #4 - PUNTO DE ACCESO ADICIONAL DE MATERIA--NOMBRE GEOGRÁFICO
Nombre geográfico Estados Unidos
Subdivisión general Relaciones Militares
Subdivisión geográfica Caribe ( Región{Rpara}
9 (RLIN) 10068
651 #0 - PUNTO DE ACCESO ADICIONAL DE MATERIA--NOMBRE GEOGRÁFICO
Nombre geográfico Caribe (Región)
Subdivisión general Relaciones Militares
Subdivisión geográfica Estados Unidos
9 (RLIN) 87401
700 12 - PUNTO DE ACCESO ADICIONAL--NOMBRE DE PERSONA
Nombre de persona Rodríguez, J.
9 (RLIN) 10070
710 2# - PUNTO DE ACCESO ADICIONAL--NOMBRE DE ENTIDAD CORPORATIVA
Nombre de entidad corporativa o nombre de jurisdicción como elemento de entrada Consejo de la Paz de Puerto Rico.
9 (RLIN) 10071
740 02 - PUNTO DE ACCESO ADICIONAL--TÍTULO RELACIONADO O ANALÍTICO NO CONTROLADO
Título relacionado o analítico no controlado Puerto Rico: víctima de los planes intervencionistas de los E.U. en el Caribe
830 #0 - PUNTO DE ACCESO ADICIONAL DE SERIE-TÍTULO UNIFORME
Título uniforme Documentos ;
Número de parte o sección de la obra 10
9 (RLIN) 10072
910 ## - DATOS DE OPCIÓN DEL USUARIO (OCLC)
Datos de opción del usuario Validado. Control de calidad. MFF
942 ## - ELEMENTOS DE PUNTO DE ACCESO ADICIONAL (KOHA)
Fuente del sistema de clasificación o colocación Dewey Decimal Classification
Tipo de ítem Koha Libro
Holdings
Estado de retiro Estado de pérdida Fuente del sistema de clasificación o colocación Restricciones de uso No para préstamo Código de colección Localización permanente Ubicación/localización actual Ubicación en estantería Fecha de adquisición Fuente de adquisición Total de préstamos Signatura topográfica completa Código de barras Fecha visto por última vez Precio válido a partir de Tipo de ítem Koha Nota pública Número de copia
    Dewey Decimal Classification Préstamo restringido   Patrimonio Dominicano Biblioteca Nacional Pedro Henríquez Ureña Biblioteca Nacional Pedro Henríquez Ureña Depósito 07.07.2009 Deposito Legal   BNPHU PD 327.7307295 M612a 3187-10 25.06.2020 25.06.2020 Libro S/A  
    Dewey Decimal Classification Préstamo restringido   Patrimonio Dominicano Biblioteca Nacional Pedro Henríquez Ureña Biblioteca Nacional Pedro Henríquez Ureña Depósito 07.07.2009 Deposito Legal   BNPHU PD 327.7307295 M612a 3187-20 25.06.2020 25.06.2020 Libro S/A e.2

Powered by Koha